Tottenham Hotspur Squad 2016-2017 - Statistics

General Stats
  • This quiz has been taken 2,164 times
    1,802 since last reset
  • The average score is 19 of 25
Answer Stats
Nbr Post Nationality Player % Correct
1 GK France Hugo Lloris
100%
10 FW England Harry Kane
98%
7 FW South Korea Heung-Min Son
97%
5 DF Belgium Jan Vertonghen
91%
23 MF Denmark Christian Eriksen
90%
2 DF England Kyle Walker
89%
3 DF England Danny Rose
88%
11 FW Argentina Erik Lamela
87%
20 MF England Dele Alli
86%
15 MF England Eric Dier
86%
19 MF Belgium Moussa Dembélé
86%
4 DF Belgium Toby Alderweireld
86%
12 MF Kenya Victor Wanyama
86%
33 DF Wales Ben Davies
82%
13 GK Netherlands Michel Vorm
79%
17 MF France Moussa Sissoko
78%
- Coach Argentina Mauricio Pochettino
76%
29 MF England Harry Winks
73%
16 DF England Kieran Trippier
71%
9 FW Netherlands Vincent Janssen
68%
27 DF Austria Kevin Wimmer
56%
14 FW France Georges-Kevin Nkoudou
51%
38 DF USA Cameron Carter-Vickers
46%
30 GK Spain Paul Lopez
32%
25 MF England Joshua Onomah
25%
No matching quizzes found
Score Distribution
Percent of People with Each Score
Percentile by Number Answered
Your Score History
You have not taken this quiz since the last reset